Quizzes
Events
Quiz Creation
Community
Videos
Private Events
Remove Ads
Sign In
Join for FREE
Feedback
Dark Mode
Quiz Categories
Sports
Geography
Music
Movies
Television
Just For Fun
Miscellaneous
History
Literature
Language
Science
Gaming
Entertainment
Religion
Holiday
For Kids
Quiz Lab
Recent
Popular Today
Quiz Kudos Today
Editor Picks
Curator Picks
Quizzes by...
Day
Popularity
Type
Ratings
Length
Year
Community
Subscriptions
Recent Discussions
Orange Saloon
Badges
Playlists
Quests
Create
Leaderboards
Showdown
Live 5
Trivia Bingo
Activity
Puzzle Library
Sporcle Events
Private Events
Virtual Trivia
Globe League
Become a Host
Pub Owners
SporcleCon
Opinionation
Our Games
Videos
Blog
Mobile Apps
Partnerships
Remove Ads and Go Orange
Feedback
Miscellaneous
Crossword
General Knowledge
Baby Names
Logo
Food
Cars
Numbers
Grab Bag
University
College
Popular
Company
Slogans
Restaurants
Justice
Letter
Miscellaneous
Crossword
General Knowledge
Baby Names
Logo
Food
Cars
Numbers
Grab Bag
University
College
Popular
Company
Slogans
Restaurants
Justice
Letter
Random Quiz
Search Sporcle
×
Quiz Lab
Quiz Lab
Miscellaneous
Toys
Type in answers that appear in a list
Type in answers that appear in a list
Classic
Best Score? Go Orange.
Toy Dog Breeds Stats
Can you name the Toy Dog Breeds?
By
zacharyd
13m
37 Questions
156 Plays
156 Plays
156 Plays
Comments
Comments
Give Quiz Kudos
Give Quiz Kudos
-
- Ratings
hide this ad
Replay
Link that replays current quiz
Next Quiz
Link to next quiz in quiz playlist
You Got
0%
They Got
Avg Score
30%
Avg Friend Score
Upgrade to see
Score Distribution
Jump to the score distribution portion of the page
Score
0/37
Timer
13:00
0
Plays Today
% Correct
poodle
84%
Yorkshire terrier
71.2%
chihuahua
69.2%
Maltese
67.3%
Shih tzu
62.2%
pug
61.5%
pomeranian
61.5%
papillon
50.6%
Bichon frise
44.9%
japanese chin
44.9%
pekingese
43.6%
Lhasa apso
37.8%
Bichon havanais
34.6%
Chinese crested
33.3%
Italian greyhound
30.1%
cavalier king charles spaniel
28.8%
Affenpinscher
28.8%
silky terrier
28.8%
boston terrier
26.9%
% Correct
brussels griffon
23.1%
french bulldog
23.1%
miniature schnauzer
20.5%
English toy spaniel
17.9%
toy fox terrier
17.9%
king charles spaniel
17.3%
Lowchen
16.7%
Coton de tulear
16%
tibetan spaniel
14.1%
Bolognese
13.5%
English toy terrier
11.5%
tibetan terrier
10.9%
toy manchester terrier
10.3%
russkiy toy
5.8%
Belgian griffon
3.8%
kromfohrlander
3.8%
phalène
3.2%
japanese spaniel
2.6%
Quiz Playlist
Details
Report
Send in Message
Add To Playlist
Classic:
Type in answers that appear in a list
Last Updated: Feb 16, 2017
Quiz Scoreboard
CHALLENGE
Sign Up to Join the Scoreboard
Show All
Scores
Hide
Comments
May contain spoilers
Recently Published
Billboard Blitz: Fleetwood Mac
by CooCooCachoo
Music
15s
Presidents Visiting Landmarks
by Hejman
History
7m
An Introduction to Baseball
by treessimontrees
Sports
5m
More to Explore
Quiz From the Vault
Featured Blog Post
Where Did the Easter Bunny Come From?
hide this ad
You Might Also Like...
Tags
Toys Quiz
Breed
dog
Today's Top Quizzes in Miscellaneous
Browse Miscellaneous
hide this ad
Today's Top Quizzes in Toys
Browse Toys
Top Contributed Quizzes in Miscellaneous
1
5-to-1: Fast Food
2
The JOE quick-fire general knowledge quiz: Day 174
3
The JOE quick-fire general knowledge quiz: Day 173
4
5-to-1: Cocktails
5
The JOE quick-fire general knowledge quiz: Day 172
6
Sunday Crossword: Famous Bodies of Water
7
The JOE quick-fire general knowledge quiz: Day 171
8
One Thing in Common: United Kingdom II
9
Named After an Animal - Odd One Out!
10
The JOE quick-fire quiz: Day 170
Explore More
Trending Topics
Disney
Marvel
Crossword
NBA
Kpop
Harry Potter
Anime
Country
The Office
NFL
Song
Soccer
Puzzle
Pokémon
WWE
hide this ad
More By:
zacharyd
Quiz
Plays
Rating
Category
Featured
Created
O Canada french lyrics
380
5.00
Music
Jun 15, 2011
Obese states by percentage
347
3.20
Geography
Mar 17, 2010
overweight countries
169
3.00
Geography
Mar 18, 2010
Toy Dog Breeds
156
3.00
Miscellaneous
Feb 24, 2010
Go to Creator's Profile
Score Distribution
Quiz Creator Spotlight
zacharyd
Follow
Send a Message
Quizzes Created
-
Created Quiz Play Count
-
More By This Creator
Popular Quizzes Today
1
Find the US States - No Outlines Minefield
2
Find the Countries of Europe - No Outlines Minefield
3
The Countries of the World
4
Find the US States
5
Risky Map Clicking: Biggest States A-Z
6
US States
7
Popular People in 1961
8
Movies - When Are They Set?
More Miscellaneous Quizzes
Sunday Crossword: Greetings From Asbury Park, N.J.
Curator's Pick
Trending Quizzes
Risky Map Clicking: Least Populous States A-Z
1-10 Letter G Words
1-10 Letter F Words
Risky Map Clicking: Next State Alphabetically
Risky Map Clicking: Biggest States A-Z
Recently Updated
Leaping Animals
pecheneg
Reality TV Shows (A-Z)
bhenderson79
Rickey Henderson's Hall of Fame Teammates
pecheneg
Champions League XIs: Arsenal
pecheneg
Quick Pick: Celebrities in WWE's Hall of Fame
aduchscher
A-Z Keypad Blitz II
pecheneg
Multiple Oscar Actors
pecheneg
Mystery Phrase Blitz: Oscar 'Best Actors'
pecheneg
F. Scott Fitzgerald Novels
LTH
Pick 3 Villains
ddd62291
Trending Topics
NBA
Kpop
Harry Potter
Marvel
Anime
Crossword
Disney
Country
Song
Pokémon
WWE
Soccer
The Office
Puzzle
NFL
Your Account Isn't Verified!
In order to create a playlist on Sporcle, you need to verify the email address you used during registration. Go to your
Sporcle Settings
to finish the process.
Report this User
Report this user for behavior that violates our
Community Guidelines
.
Details:
Send Report
Go to the Sporcle.com Mobile Site →
Comments